000 00948naa a2200253 c 4500
001 45989
003 ES-MaCES
005 20150618110023.0
008 150618s2015 sp ||||| t||||||| ||spa d
040 _aES-MaCES
_bspa
_cES-MaCES
_dES-MaCES
245 0 0 _aMujeres
650 4 _amujeres
_928657
650 4 _927173
_aderechos de la mujer
650 4 _929521
_adiscriminación por razones de sexo
650 4 _930439
_adivisión del trabajo por sexo
650 4 _aigualdad de oportunidades
_927183
650 4 _aoportunidades de empleo
_927182
650 4 _aparticipación de la mujer en el desarrollo
_930663
650 4 _apotenciación de las mujeres
_930610
653 1 0 _aMujer
773 0 _982884
_dMadrid (Padilla, 6, 28006) Estudios de Política Exterior 1997-
_o085788
_tEconomía exterior
_w(ES-MaCES)25630
_gn. 72 (primavera 2015) {10625 R. 085788} ; 175 p.
902 _aART Artículo de revista
942 _2CES
_cAR
_h3.3.
999 _c45989
_d45989